000 00518nam a2200169 i 4500
001 81281
003 ES-MaACL
005 20230906174416.0
007 t|
008 041103s1965 sp ||||1| spa d
100 1 _aHuenermann, Wilhelm.
_964540
245 1 3 _aEl rebelde obediente /
_cWilhelm Hünermann ; [traducción española de Mariano Herranz].
260 _aMadrid :
_bEdiciones Cambonianas,
_c1965.
300 _a390 p. ;
_c21 cm.
700 1 _aHerranz, Mariano.
_963165
852 _aES-MaACL
_jC-27671
_bR.56573
999 _c81281
_d81281